000 00510nam a2200169Ia 4500
005 20250923145305.0
008 008 250917s9999 xx 000 0 eng d
037 _aTextual
040 _aDSWL
_beng
_cDSWL
041 _aeng
_2eng
084 _aY:5x2,P0v-N47, N74
_qDSWL
245 0 _aPopulation in India's Development
_cEd by Ashish Bose
260 _aDelhi
_bVikas Pub. House Pvt. Ltd.
_c1974
300 _axix,444p.
942 _cTEXL
_hY:5x2,P0v-N47, N74
999 _c1449544
_d1449544